| 000 | 00776nam a2200241Ia 4500 | ||
|---|---|---|---|
| 003 | GCL | ||
| 008 | 140319s9999 xx 000 0 ara d | ||
| 040 |
_aGCL / _cGCL |
||
| 082 | 0 | 4 |
_a322.1 _bا س |
| 100 | 1 | _aانور محمد الشرقاوى | |
| 245 | 1 | 0 |
_aالسادات والبابا اسرار الصدام بين النظام والكنيسة / _cانور محمد الشرقاوى |
| 700 | 1 | _aانور محمد | |
| 260 |
_a[S.N] : _bدار اية ام للنشر والتوزيع ، _c1990 |
||
| 300 | _a251 ص | ||
| 490 | _a | ||
| 650 | 0 | 4 | _aالعصر الحديث |
| 650 | 0 | 4 | _aمصر |
| 650 | 0 | 4 | _aتاريخ |
| 650 | 0 | 4 | _aالكنيسة والدولة |
| 650 | 0 | 4 | _aالاقباط |
| 650 | 0 | 4 | _aالمسيحية والسياسة |
| 942 |
_2ddc _cBK |
||
| 999 |
_c29422 _d29422 |
||